| Поле | Инд. | ПП | Название | Значение |
|---|---|---|---|---|
| Тип записи | a | |||
| Библиографический уровень | b | |||
| 001 | Контрольный номер | RU/IS/BASE/431619510 | ||
| 005 | Дата корректировки | 20200522191613.0 | ||
| 008 | Кодируемые данные | 20130904 | ||
| 040 | b | Код языка каталог. | rus | |
| e | Правила каталог. | PSBO | ||
| 041 | 0_ | a | Код языка текста | rus |
| 100 | 1_ | a | Автор | Гейченко С. А. |
| 245 | 10 | a | Заглавие | Зарубежная нарратология: материалы к истории и библиографии |
| 504 | a | Библиография | Библиографический список зарубежных публикаций по нарратологии: с. 56 - 62 (174 назв.) | |
| 773 | 08 | t | Заглавие источника | Библиография |
| d | Дата издания источника | 2012 | ||
| g | Прочая информация | № 6. - С. 49 - 62 | ||
| w | Контрольный № источника | RU/IS/BASE/412272690 | ||
| 901 | t | Тип документа | b |